Die Raupen der europaischen Tagfalter /
| Main Author: | |
|---|---|
| Other Authors: | , |
| Format: | Book |
| Language: | German French English |
| Published: |
Compiegne :
Sciences Nat,
1985.
|
| Edition: | Premiere ed. |
| Subjects: |
MARC
| Tag | First Indicator | Second Indicator | Subfields |
|---|---|---|---|
| LEADER | 00000cam a2200000 a 4500 | ||
| 001 | in00000601708 | ||
| 005 | 20151014092328.0 | ||
| 008 | 860410s1985 fr af 00110 ger d | ||
| 020 | |a 2857240295 | ||
| 035 | |a (OCoLC)13416150 | ||
| 035 | |9 ACQ9114AM | ||
| 040 | |a VPI |c VPI |d TXA |d UtOrBLW | ||
| 041 | 1 | |a ger |a fre |a eng |h ger | |
| 049 | |a TXAM |c [A10903134] | ||
| 090 | |a QL555.A1 |b B6 1985 | ||
| 100 | 1 | |a Bodi, Erhard, |d 1932- | |
| 245 | 1 | 4 | |a Die Raupen der europaischen Tagfalter / |c Erhard Bodi = Les chenilles des papillons diurnes europeens / Texte francais par Ulrich Gagneron = The Caterpillars of European butterflies / English text by Brian Morris. |
| 246 | 3 | 1 | |a Les chenilles des papillons diurnes europeens |
| 246 | 3 | 1 | |a Caterpillars of European butterflies |
| 250 | |a Premiere ed. | ||
| 264 | 1 | |a Compiegne : |b Sciences Nat, |c 1985. | |
| 300 | |a 47 pages, xix leaves of plates : |b color illustrations ; |c 31 cm. | ||
| 336 | |a text |b txt |2 rdacontent | ||
| 337 | |a unmediated |b n |2 rdamedia | ||
| 338 | |a volume |b nc |2 rdacarrier | ||
| 500 | |a Includes index. | ||
| 650 | 0 | |a Butterflies |x Larvae |z Europe. | |
| 650 | 0 | |a Caterpillars. | |
| 700 | 1 | |a Gagneron, Ulrich. | |
| 700 | 1 | |a Morris, Brian. | |
| 740 | 4 | |a Les chenilles des paillons diurnes europeens. | |
| 740 | 4 | |a The caterpillars of European butterflies. | |
| 999 | |a MARS | ||
| 999 | f | f | |s a2d5652f-e638-385e-b8ff-0facd85fc3dc |i 2214b234-c672-3cf4-847e-3a807e89dac3 |t 0 |
| 952 | f | f | |p ric |a Texas A&M University |b Rellis Campus |c Joint Library Facility |d Remote Storage |t 0 |e QL555.A1 B6 1985 |h Library of Congress classification |i unmediated -- volume |m A14810903134 |
| 998 | f | f | |a QL555.A1 B6 1985 |t 0 |l Remote Storage |